000 01062cam a22002415a 4500
001 L141905
008 080111s2008 xxk f 000 0 eng d
035 _a(Sirsi) u141905
041 0 _aeng
050 0 4 _a333.33025
110 2 _aProperty Data Limited
_93654
245 0 4 _aThe UK property investors directory
_b2008 edition
260 _aEccleshall
_bProperty Data
_c2008
300 _a1
_fv.+
_e1 CD-ROM
350 _a350
520 _aPresents detailed profiles on the UK's active investors, funds and their deals. Includes an A to Z listing of property investor profiles, a listing of investment agents, a buyers index, an A to Z listing of buyers and sellers since January 2005 and indexes of buyers and deals. Also includes a geographical A to Z of investment transactions and a ranking of the top 100 property companies by net worth value.
521 2 _aAdvanced
590 _aKA
651 4 _aEngland and Wales
_y1543-
690 _aPROPERTY-PROPERTY FINANCE AND INVESTMENT
690 _aPROPERTY-PROPERTY APPRAISAL AND VALUATION
942 _n0
999 _c107790
_d107790